[Event "Manaus P10 Challenge 4th"]
[Site "Manaus"]
[Date "2023.12.10"]
[Round "8"]
[White "De Souza, Etemberg Monteiro"]
[Black "Mesquita, Eduardo Barbosa"]
[Result "0-1"]
[WhiteElo "1772"]
[BlackElo "1971"]
[PlyCount "78"]
[EventDate "2023.12.01"]
[EventType "tourn"]
[EventRounds "9"]
[EventCountry "BRA"]
[SourceTitle "CB51_2023"]
[SourceDate "2023.12.20"]
[SourceVersion "1"]
[SourceVersionDate "2023.12.20"]
[SourceQuality "1"]

1. c4 e6 2. Nf3 d5 3. Nc3 Nf6 4. g3 d4 5. Nb5 c5 6. Bg2 a6 7. Na3 Bd6 8. 0-0 0-0 9. d3 Nc6 10. Nc2 e5 11. Bg5 h6 12. Bd2 Bg4 13. h3 Be6 14. e4 dxe3 15. Bxe3 Qd7 16. Kh2 Rad8 17. Qc1 e4 18. dxe4 Bxc4 19. Rd1 Nxe4 20. Ne5 Nxe5 21. Bxe4 Be2 22. Rd2 Bf3 23. Bf4 Bxe4 24. Bxe5 Qf5 25. Bxd6 Rxd6 26. Ne3 Qf3 27. Qe1 Rfd8 28. Rxd6 Rxd6 29. Qf1 Rd2 30. Nd1 Bc2 31. Qe1 Rxd1 32. Rxd1 Bxd1 33. b4 c4 34. Qe8+ Kh7 35. Kg1 c3 36. Qe1 c2 37. Qd2 Qe2 38. Qf4 c1Q 39. Qxc1 Qe1+ 0-1

[Event "Manaus P10 Challenge 4th"]
[Site "Manaus"]
[Date "2023.12.09"]
[Round "7"]
[White "De Souza, Etemberg Monteiro"]
[Black "Samuel, Mauricio Antonio So"]
[Result "0-1"]
[WhiteElo "1772"]
[BlackElo "1684"]
[PlyCount "130"]
[EventDate "2023.12.01"]
[EventType "tourn"]
[EventRounds "9"]
[EventCountry "BRA"]
[SourceTitle "CB51_2023"]
[SourceDate "2023.12.20"]
[SourceVersion "1"]
[SourceVersionDate "2023.12.20"]
[SourceQuality "1"]

1. c4 c6 2. Nf3 Nf6 3. g3 d5 4. Bg2 g6 5. 0-0 Bg7 6. Nc3 0-0 7. d4 dxc4 8. Ne5 Be6 9. e3 Nbd7 10. Nxd7 Qxd7 11. Qa4 b5 12. Qa6 Rac8 13. Rd1 Bh3 14. Bh1 Bg4 15. f3 Be6 16. d5 cxd5 17. Nxb5 Qc6 18. Qxc6 Rxc6 19. Nxa7 Rb6 20. e4 Ra8 21. Be3 Rxb2 22. Bd4 Rb7 23. Nc6 Ra6 24. Nd8 Rd7 25. Nxe6 fxe6 26. e5 Ne8 27. Bg2 Rb7 28. Bh3 Kf7 29. Rd2 Rb4 30. f4 Rba4 31. Bg4 Nc7 32. Be2 Nb5 33. Bc5 Nc3 34. Rb2 Rxa2 35. Rbxa2 Rxa2 36. Rxa2 Nxa2 37. Kf2 Nc3 38. Bf3 h6 39. Ke3 g5 40. Bd4 Nb5 41. Bc5 gxf4+ 42. gxf4 Kg6 43. Bxe7 Kf5 44. h3 d4+ 45. Kd2 Kxf4 46. Bc6 Na7 47. Bd7 Bxe5 48. Bc5 Bb8 49. Bxd4 e5 50. Be3+ Ke4 51. Bxh6 Kd5 52. h4 Nc6 53. Bxc6+ Kxc6 54. h5 Kd5 55. Bg7 e4 56. Ke3 Ba7+ 57. Kf4 e3 58. h6 e2 59. Bc3 Bd4 60. Be1 c3 61. Kf3 c2 62. Kxe2 c1Q 63. Bd2 Qc2 64. Ke1 Ke4 65. h7 Kd3 0-1

[Event "Manaus op 2nd"]
[Site "Manaus"]
[Date "2023.10.16"]
[Round "8"]
[White "Azevedo Junior, Jose Ferreira"]
[Black "De Souza, Etemberg Monteiro"]
[Result "1-0"]
[WhiteElo "2121"]
[BlackElo "1781"]
[PlyCount "112"]
[EventDate "2023.10.11"]
[EventType "swiss"]
[EventRounds "9"]
[EventCountry "BRA"]
[SourceTitle "Mega2024 Update 01"]
[Source "Chessbase"]
[SourceDate "2023.11.12"]
[SourceVersion "1"]
[SourceVersionDate "2023.11.12"]
[SourceQuality "1"]

1. d4 d5 2. c4 Nf6 3. Nc3 c6 4. e3 g6 5. Nf3 Bg7 6. b3 0-0 7. Bb2 Bf5 8. h3 Nbd7 9. Bd3 Ne4 10. Bxe4 dxe4 11. Nd2 Qa5 12. g4 Be6 13. Ncxe4 f5 14. Bc3 Qc7 15. Ng5 Qd6 16. Qc2 h6 17. Nxe6 Qxe6 18. Rg1 f4 19. Qe4 Qf6 20. 0-0-0 Nc5 21. Qc2 fxe3 22. fxe3 Nd7 23. g5 hxg5 24. h4 gxh4 25. Rxg6 Qf5 26. Rdg1 Qxc2+ 27. Kxc2 Rf7 28. d5 Nf6 29. e4 Kh7 30. e5 Nh5 31. e6 Rf2 32. Rxg7+ Nxg7 33. Rxg7+ Kh6 34. Rxe7 h3 35. Be5 cxd5 36. cxd5 Re2 37. Bd6 Kg6 38. Kd3 h2 39. Bxh2 Rxh2 40. Ne4 Rh5 41. Kd4 Rd8 42. Rd7 Rb8 43. e7 Rhh8 44. Nd6 b6 45. e8Q+ Rhxe8 46. Nxe8 Rxe8 47. Rxa7 Kf6 48. Rb7 Ra8 49. Rxb6+ Ke7 50. a4 Kd7 51. Kc5 Ra5+ 52. Rb5 Ra7 53. a5 Kc7 54. b4 Ra8 55. d6+ Kc8 56. Kc6 Ra7 1-0

[Event "Manaus op 2nd"]
[Site "Manaus"]
[Date "2023.10.15"]
[Round "7"]
[White "De Souza, Etemberg Monteiro"]
[Black "Lima, Joao V De Siqueira "]
[Result "1-0"]
[WhiteElo "1781"]
[BlackElo "1596"]
[PlyCount "83"]
[EventDate "2023.10.11"]
[EventType "swiss"]
[EventRounds "9"]
[EventCountry "BRA"]
[SourceTitle "Mega2024 Update 01"]
[Source "Chessbase"]
[SourceDate "2023.11.12"]
[SourceVersion "1"]
[SourceVersionDate "2023.11.12"]
[SourceQuality "1"]

1. d4 d5 2. Nf3 e6 3. c4 Nf6 4. g3 Be7 5. Nc3 0-0 6. Bg2 Nbd7 7. c5 c6 8. 0-0 b6 9. b4 Bb7 10. Bb2 Ne4 11. Nxe4 dxe4 12. Ne1 Nf6 13. Nc2 Qd7 14. Bc3 Nd5 15. Bb2 f5 16. a4 Bf6 17. Qd2 a5 18. cxb6 Nxb6 19. Ne3 axb4 20. Qxb4 Nd5 21. Qd2 Ra7 22. Nxd5 exd5 23. e3 Rfa8 24. a5 Bd8 25. Bc3 Ba6 26. Rfb1 Bc7 27. Rb2 Qd8 28. Rba2 Bc4 29. Ra3 Bb5 30. Bf1 Bxf1 31. Kxf1 Qc8 32. Bb4 Ra6 33. Qc1 Qe6 34. Qc5 Rb8 35. Qe7 Qxe7 36. Bxe7 Rb5 37. Rc3 Rbxa5 38. Rxa5 Bxa5 39. Ra3 Ra7 40. Bc5 Bb6 41. Rxa7 Bxa7 42. Bxa7 1-0

[Event "Manaus Amazonense Cup"]
[Site "Manaus"]
[Date "2022.07.14"]
[Round "4"]
[White "Teixeira, Vitor Hugo Santos"]
[Black "De Souza, Etemberg Monteiro"]
[Result "1-0"]
[WhiteElo "1800"]
[BlackElo "1882"]
[PlyCount "103"]
[EventDate "2022.07.06"]
[EventType "tourn"]
[EventRounds "11"]
[EventCountry "BRA"]
[SourceTitle "EXT 2023"]
[Source "ChessBase"]
[SourceDate "2022.10.05"]
[SourceVersion "1"]
[SourceVersionDate "2022.10.05"]
[SourceQuality "1"]

1. d4 d5 2. c4 g6 3. Nc3 Nf6 4. cxd5 Nxd5 5. e4 Nxc3 6. bxc3 Bg7 7. Bc4 a6 8. Ne2 0-0 9. a4 Nd7 10. 0-0 b6 11. Bd5 Rb8 12. e5 e6 13. Bc6 Bb7 14. Bxb7 Rxb7 15. Qd3 b5 16. Qe4 Qc8 17. h4 Nb6 18. axb5 axb5 19. h5 Nd5 20. Ba3 Re8 21. Rab1 c6 22. Bc5 f5 23. Qh4 Rf7 24. c4 bxc4 25. hxg6 hxg6 26. Nf4 Nxf4 27. Qxf4 Qd8 28. Rb6 g5 29. Qd2 Bxe5 30. Qe2 Bc7 31. Rxc6 Qd5 32. Ra6 Rh7 33. f3 Bg3 34. Rc1 Qb7 35. Qxc4 Rh6 36. Ra7 Qc6 37. Rg7+ Kh8 38. Rxg5 Bf4 39. d5 Bh2+ 40. Kf2 Qxd5 41. Bd4+ Be5 42. Qxd5 exd5 43. Bxe5+ Rxe5 44. Rc8+ Kh7 45. Rf8 Rg6 46. Rgxf5 Rxf5 47. Rxf5 Rd6 48. Ke3 Kg6 49. g4 d4+ 50. Kd3 Rd8 51. Rf4 Kg5 52. Rxd4 1-0

[Event "Manaus Amazonense Cup"]
[Site "Manaus"]
[Date "2022.07.09"]
[Round "2"]
[White "Bezerra, Fabiano de Oliveira"]
[Black "De Souza, Etemberg Monteiro"]
[Result "0-1"]
[WhiteElo "1885"]
[BlackElo "1882"]
[PlyCount "114"]
[EventDate "2022.07.06"]
[EventType "tourn"]
[EventRounds "11"]
[EventCountry "BRA"]
[SourceTitle "EXT 2023"]
[Source "ChessBase"]
[SourceDate "2022.10.05"]
[SourceVersion "1"]
[SourceVersionDate "2022.10.05"]
[SourceQuality "1"]

1. Nf3 c5 2. e3 Nf6 3. b3 g6 4. Bb2 Bg7 5. Be2 0-0 6. 0-0 b6 7. d3 Bb7 8. Nbd2 d5 9. h3 Na6 10. Re1 Nc7 11. Bf1 Re8 12. a4 Nh5 13. d4 Ne6 14. Bb5 Rf8 15. Nf1 a6 16. Be2 Rc8 17. Ne5 Nf6 18. Ng3 Ng5 19. f3 Qc7 20. h4 Ne6 21. Rc1 Ne8 22. f4 Nd6 23. Bg4 f5 24. Be2 Bxe5 25. dxe5 Ne4 26. Nxe4 fxe4 27. Bg4 Qc6 28. Qe2 Rcd8 29. Rcd1 Ng7 30. c4 e6 31. cxd5 exd5 32. Kh2 Nf5 33. h5 d4 34. Qc4+ Qd5 35. exd4 Qxc4 36. bxc4 Nxd4 37. g3 Bc6 38. Re3 Bxa4 39. Rde1 Nc2 40. Rxe4 Nxe1 41. Rxe1 Rd2+ 42. Re2 Rxe2+ 43. Bxe2 Rd8 44. Bc3 Bd1 45. Bf1 Bf3 46. Kg1 Kf7 47. hxg6+ hxg6 48. Bh3 Rd3 49. e6+ Ke7 50. Be5 Be4 51. Kh2 Bf5 52. g4 Bxe6 53. f5 gxf5 54. gxf5 Bxc4 55. f6+ Kf7 56. Bg4 Kg6 57. Bc8 Re3 0-1

[Event "Manaus Amazonense Cup"]
[Site "Manaus"]
[Date "2022.07.06"]
[Round "1"]
[White "De Souza, Etemberg Monteiro"]
[Black "Pessoa, Hudson Anselmo"]
[Result "0-1"]
[WhiteElo "1882"]
[BlackElo "1860"]
[PlyCount "156"]
[EventDate "2022.07.06"]
[EventType "tourn"]
[EventRounds "11"]
[EventCountry "BRA"]
[SourceTitle "EXT 2023"]
[Source "ChessBase"]
[SourceDate "2022.10.05"]
[SourceVersion "1"]
[SourceVersionDate "2022.10.05"]
[SourceQuality "1"]

1. d3 d5 2. Nf3 c5 3. g3 Nc6 4. Bg2 g6 5. 0-0 Bg7 6. c3 e5 7. Na3 Nge7 8. Be3 d4 9. cxd4 cxd4 10. Bd2 0-0 11. Rc1 Be6 12. b3 Rc8 13. Nc4 b5 14. Na3 a6 15. Ng5 Bd5 16. Bh3 f5 17. e4 Bf7 18. Nxf7 Rxf7 19. Nc2 Qd6 20. b4 Rcf8 21. exf5 gxf5 22. Bg5 h6 23. Bxe7 Rxe7 24. Qh5 Qf6 25. Bg2 e4 26. dxe4 fxe4 27. Qd5+ Qe6 28. Qxe6+ Rxe6 29. a3 d3 30. Bh3 Rd6 31. Ne3 Nd4 32. Rc7 Ne2+ 33. Kg2 d2 34. Bg4 Nc3 35. Nd1 Nb1 36. Re7 Rd4 37. Ra7 Rf6 38. Ne3 Nxa3 39. Ra1 Nc4 40. R7xa6 Rxa6 41. Rxa6 Nxe3+ 42. fxe3 d1Q 43. Bxd1 Rxd1 44. Re6 Bf8 45. Re5 Rb1 46. Rxb5 Rxb4 47. Re5 Bg7 48. Re6 Kf7 49. Rc6 Bf6 50. h4 Kg6 51. Kh3 Rb3 52. Kg4 Rxe3 53. h5+ Kf7 54. Kf4 Re1 55. Kf5 Bg5 56. Rc7+ Ke8 57. Ke6 e3 58. Rc8+ Bd8 59. Rc6 e2 60. Rc2 Rg1 61. Rxe2 Rxg3 62. Kf5+ Kf7 63. Rd2 Be7 64. Rh2 Rg5+ 65. Ke4 Rg1 66. Rf2+ Bf6 67. Rc2 Rh1 68. Rc7+ Be7 69. Rc2 Rxh5 70. Rf2+ Bf6 71. Rc2 Rg5 72. Kf4 Rg1 73. Kf5 Rg5+ 74. Kf4 Be5+ 75. Kf3 Rg3+ 76. Ke4 Bf6 77. Rh2 Kg6 78. Kf4 Rg1 0-1